Normal view
MARC view
Entry Personal Name
001 - CONTROL NUMBER
- control field: 50013
003 - CONTROL NUMBER IDENTIFIER
- control field: OSt
005 - DATE AND TIME OF LATEST TRANSACTION
- control field: 20160402130909.0
008 - FIXED-LENGTH DATA ELEMENTS
- fixed length control field: 160402|| aca||aabn | a|a d
040 ## - CATALOGING SOURCE
- Original cataloging agency: OSt
- Transcribing agency: OSt
100 ## - HEADING--PERSONAL NAME
- Personal name: शर्मा प्रो. डी. डी
670 ## - SOURCE DATA FOUND
- Source citation: Work cat.: (OSt)9276: शर्मा प्रो. डी. डी , हिमालय की विस्मयभूमि: लाहुल सामाजिक एवं सांस्कृतिक सन्दर्भ , 1998









